000 00567nam a2200193Ia 4500
003 GCL
005 20240530104349.0
008 140319s9999 xx 000 0 ara d
040 _aGCL /
_cGCL
082 0 4 _a812.008
_bس س
100 0 _aسعد الدين وهبة
245 1 0 _a7 سواقى : مسرحية /
_cسعد الدين وهبة
300 _a119
490 _aالهيئة العامة للاستعلامات
_v0
650 0 4 _aالادب العربى
650 0 4 _aالمسرحيات
650 0 4 _aالمسرحيات العربية
942 _2ddc
_cBK
999 _c46867
_d46867